Inmigración y seguridad : una visión desde la policía una visión desde la policía
Descripción Física:
31 p.; 21 cm
Colección:
Documentos CIDOB. Migraciones ; 4
MARC
| LEADER | 00000nam a2200000Ia 4500 | ||
|---|---|---|---|
| 001 | |||
| 008 | 160829s2005 xx 000 0 cat d | ||
| 020 | |a ISSN 1697-7734 | ||
| 080 | |a Revistes | ||
| 100 | |a Paradell, Lluís |9 1677 | ||
| 245 | |a Inmigración y seguridad : |b una visión desde la policía | ||
| 260 | |a Barcelona : |b Fundació CIDOB, |c 2005 | ||
| 300 | |a 31 p.; |c 21 cm | ||
| 490 | |a Documentos CIDOB. Migraciones ; 4 | ||
| 650 | |a Seguretat de l'estat |x Catalunya |9 49900 | ||
| 651 | 0 | |a Catalunya |x Emigració i immigració |9 53951 | |
| 700 | |a Negre, Rosa |9 49902 | ||
| 700 | |a Carrasco, Teresa |9 49903 | ||
| 710 | 2 | |a Centre d'Informació i Documentació Internacionals a Barcelona (CIDOB) |9 52934 | |
| 901 | |a Arxiu | ||
| 942 | |n 1 | ||
| 952 | |0 0 |1 0 |4 0 |6 REVISTES |7 1 |9 55670 |a Arxiu |b Arxiu |d 2016-12-01 |l 0 |o Revistes |r 2016-12-01 00:00:00 |w 2016-12-01 |y ARXIU | ||
| 999 | |c 59543 |d 59543 | ||